Mathematics of information processing /
Guardado en:
| Otros Autores: | , |
|---|---|
| Formato: | Libro |
| Idioma: | English |
| Publicado: |
Providence, R.I. :
American Mathematical Society,
c1986.
|
| Series: | Proceedings of symposia in applied mathematics,
v. 34 Proceedings of symposia in applied mathematics. AMS short course lecture notes. |
| Materias: | |
| Etiquetas: |
Agregar Etiqueta
Sin Etiquetas, Sea el primero en etiquetar este registro!
|
| LEADER | 01695cam a2200325 a 4500 | ||
|---|---|---|---|
| 001 | MAT.inmabb003413 | ||
| 008 | 851015s1986####riua#####b####100#0#eng## | ||
| 005 | 20060221073615.0 | ||
| 245 | 0 | 0 | |a Mathematics of information processing / |c Michael Anshel and William Gewirtz, editors. |
| 260 | |a Providence, R.I. : |b American Mathematical Society, |c c1986. | ||
| 300 | |a xi, 233 p. : |b il. ; |c 26 cm. | ||
| 440 | 0 | |a Proceedings of symposia in applied mathematics, |x 0160-7634 ; |v v. 34 | |
| 490 | 1 | |a AMS short course lecture notes | |
| 500 | |a "Lecture notes prepared for the A.M.S. short course ... held in Louisville, Kentucky, Jan. 23-24, 1984". | ||
| 504 | |a Incluye referencias bibliográficas. | ||
| 505 | 0 | 0 | |t Diameters of communication networks / |r F. R. K. Chung -- |t The theory of data dependencies : a survey / |r Ronald Fagin and Moshe Y. Vardi -- |t Transaction management / |r Hector Garcia-Molina -- |t Fundamental database issues / |r Barry E. Jacobs -- |t Data compression algorithms / |r Victor S. Miller -- |t Application of category theory of structural sets to modelling of information bases of systems / |r Augustin A. Tuzhilin. |
| 510 | 4 | |a MR, |c 87a:68011 | |
| 020 | |a 0821800868 | ||
| 700 | 1 | |a Anshel, Michael, |d 1941- |4 edt | |
| 700 | 1 | |a Gewirtz, William, |d 1948- |4 edt | |
| 830 | 0 | |a Proceedings of symposia in applied mathematics. |p AMS short course lecture notes. | |
| 650 | 0 | |a Computer science |x Mathematics |x Congresses. | |
| 084 | |a 68-06 |2 MR | ||
| 084 | |a 68P30 |2 msc2000 | ||
| 084 | |a 68Q99 (18A99 18B20 94A15) |2 MR | ||
| 084 | |a 68P15 (03B70) |2 MR | ||
| 084 | |a 68M10 (05C35 90B10) |2 MR | ||
| 010 | |a 85026693 | ||
| 040 | |a DLC |c DLC |d DLC | ||
| 859 | |h B-687 |i PSAM |k H |p PSAM-34 |v 34 |b BIB. MATEMATICA | ||
